[Event "Bundesliga 9192"]
[Site "Germany"]
[Date "1991.??.??"]
[Round "?.1"]
[White "Huebner, Robert"]
[Black "Khalifman, Alexander"]
[Result "0-1"]
[WhiteElo "2615"]
[BlackElo "2630"]
[Annotator "Khalifman,A"]
[PlyCount "84"]
[EventDate "1991.10.12"]
[EventType "team-tourn"]
[EventRounds "15"]
[EventCountry "GER"]
[SourceTitle "GER-chT"]
[Source "ChessBase"]
[SourceDate "1999.07.01"]
[SourceVersion "1"]
[SourceVersionDate "1999.07.01"]
[SourceQuality "1"]
[WhiteTeam "Bayern Muenchen"]
[BlackTeam "Frankfurt FTG"]
[WhiteTeamCountry "GER"]
[BlackTeamCountry "GER"]

1. d4 Nf6 2. c4 e6 3. Nc3 Bb4 4. e3 O-O 5. Bd3 d5 6. Nf3 b6 7. O-O Bb7 8. a3
Bd6 9. b4 (9. cxd5 exd5 10. b4) 9... dxc4 10. Bxc4 Nbd7 11. Bb2 a5 12. b5 e5
13. Re1 (13. h3 e4 14. Nh2 Re8 15. Rc1 Qe7 16. a4 Rad8 17. Qb3 Nf8 18. Kh1 Ng6
$15 {Hager-Chandler,Vienna 1986}) 13... e4 (13... Qe7 14. e4 $14) 14. Nd2 Qe7 (
14... Re8 15. Bf1 h5 16. h3 Nf8 17. Nc4 h4 18. Qb3 Qe7 19. a4 Qe6 $13 {
Portisch,L-Bolbochan,J Stockholm izt 1962}) 15. f4 (15. Be2 Rad8 16. f4 (16.
Qc2 Rfe8 17. f3 exf3 18. Bxf3 Bxf3 19. Nxf3 Ne4 $10 {Portisch,L-Petrosian,T
Lone Pine 1978}) 16... Nd5 17. Nxd5 Bxd5 18. Nc4 f5 19. Ne5 Qe6 $10 {Portisch,
L-Huebner,R Abano Terme(8) 1980}) 15... exf3 (15... Rad8 16. Bb3 $14) 16. gxf3
$6 (16. Nxf3 Ne4 17. Nd5 Qd8 $1 $10) 16... Rad8 (16... Ng4 $6 17. fxg4 Bxh2+
18. Kf2 (18. Kxh2 $4 Qh4+ $19) 18... Qh4+ 19. Ke2 $16) (16... Bxh2+ $5 17. Kxh2
Ng4+ $1 18. Kg3 $1 (18. fxg4 $4 Qh4+ 19. Kg1 Qg3+ $19) (18. Kg2 $2 Qh4 $1 $40)
(18. Kg1 Nxe3 19. Qe2 Qg5+ $44) 18... Qd6+ (18... Nxe3 19. Rxe3 Qxe3 20. Nde4
Qh6 21. Qh1 $1 $14) 19. f4 (19. Kxg4 $2 Qh2 $1 $19) 19... Ndf6 $13) 17. Qe2 (
17. e4 Bf4 $1) 17... Rfe8 18. Qf2 Nf8 {[/\Ne6-g5]} 19. Nde4 $1 (19. e4 Bf4 $15)
19... Ng6 20. Nxd6 {[#]} cxd6 $1 (20... Rxd6 21. Bf1 $14) 21. Bf1 Nh5 {[/\f5; /
\Nh4]} (21... d5 $5) 22. e4 Nhf4 23. Qg3 {[/\d5]} (23. d5 $6 Ne5 $36) 23... d5
$1 $15 24. exd5 $1 (24. e5 f6 $1 25. Bc1 Qc7 $1 $17) (24. Rad1 Qf6 $15) 24...
Qd7 25. Rxe8+ Rxe8 26. Re1 Rxe1 (26... Rc8 $5) 27. Qxe1 Nxd5 28. Ne4 Qe7 (28...
f5 29. Nc5 $5 bxc5 30. dxc5 $44) (28... Ndf4 $5) 29. Qg3 Ndf4 30. Bc1 $1 Bxe4
31. Bxf4 Bd5 (31... Bb7 $6 32. Bg5 $1) 32. Bc1 h6 33. Bd3 (33. Qb8+ $2 Kh7 34.
Qxb6 Nh4 $17) 33... Qf6 34. Be3 $1 (34. Bxg6 fxg6 $1 (34... Qxd4+ 35. Qf2 Qd1+
36. Qf1 $10) 35. Qf4 Qe7 $15) 34... Bxf3 35. Bxg6 fxg6 {[#]} 36. h4 $4 (36. Qf4
$1 g5 (36... Be2 37. Qxf6 gxf6 38. a4 $10) (36... Bd5 37. Qxf6 gxf6 38. Bxh6 g5
39. h4 gxh4 40. Kh2 $11) (36... Qf5 37. Qxf5 gxf5 38. d5 Bxd5 39. a4 $11) (
36... Qf7 37. Qxf7+ Kxf7 38. a4 $11 (38. d5 a4 $15)) 37. Qxf6 gxf6 38. d5 (38.
a4 Bd5 $19) 38... Bxd5 (38... a4 39. d6 (39. Bxb6 Bxd5 $17) 39... Bg4 (39...
Kf7 40. Bxb6 Ke6 41. Bd8 $11) 40. Bxb6 Bd7 41. Bd4 $11) 39. a4 $1 $11 (39. Bxb6
a4 $17)) (36. Qe5 Qh4 37. Qg3 Qe4 $19) 36... Bd5 $19 37. Qf4 Qe7 38. Qe5 $6 Qd7
39. Kf2 Qxb5 40. Kg3 Qd7 41. Qb8+ Kh7 42. Qxb6 Qf5 0-1

[Event "Sofia MTel Masters 3rd"]
[Site "Sofia"]
[Date "2007.05.20"]
[Round "10"]
[White "Topalov, Veselin"]
[Black "Sasikiran, Krishnan"]
[Result "1-0"]
[WhiteElo "2772"]
[BlackElo "2690"]
[Annotator "Knaak,R"]
[PlyCount "117"]
[EventDate "2007.05.10"]
[EventType "tourn"]
[EventRounds "10"]
[EventCountry "BUL"]
[EventCategory "19"]
[SourceTitle "CBM 118"]
[Source "ChessBase"]
[SourceDate "2007.05.31"]
[SourceVersion "1"]
[SourceVersionDate "2007.05.31"]
[SourceQuality "1"]

{[%mdl 2]} 1. d4 Nf6 2. c4 e6 3. Nc3 {Surprise! Surprise! Topalov is great
Queen's Indian specialist, but recently he has not had too many successes with
it. Überraschung! Topalov ist ein großer Damenindisch-Spezialist, aber zuletzt
hatte er da wenig Erfolge zu verzeichnen.} Bb4 4. e3 {This too is unexpected;
up till now the Bulgarian has above all played 4.Qc2. Auch das ist unerwartet,
bisher spielte der Bulgare vor allem 4.Qc2.} b6 {Since up till now Sasikiran
has only played 4...c5, both sides are now out of their specific preparation. 
Da Sasikiran bisher nur 4...c5 spielte, sind nun wohl beide aus der direkten
Vorbereitung.} 5. Bd3 Bb7 6. Nf3 O-O 7. O-O d5 (7... c5 $5) 8. a3 Bd6 9. cxd5
exd5 10. b4 {Topalov can feel satisfied. The evaluation of this line lies
between n +/= and = and does so for a long time. This is exactly what you want
for a decisive game. Topalov kann zufrieden sein. Die Bewertung dieser
Variante liegt zwischen +/= und = und das auf lange Sicht, für eine
Entscheidungspartie ist das genau richtig.} Nbd7 (10... a6 {is usual, perhaps
for good reason. ist üblich, vielleicht nicht ohne Grund.}) 11. b5 $1 Ne4 12.
Bb2 (12. Qb3 Re8 13. a4 Ndf6 14. Ba3 a5 15. Bxd6 cxd6 {The same structure!
Since both are playing for a win. White could be the one to crack it. Die
gleiche Struktur! Da beide auf Gewinn spielten, konnte sich Weiß durchsetzen.}
16. Ne2 h6 17. Ra2 Qd7 18. Ne1 Re7 19. f3 Ng5 20. Ng3 g6 21. Re2 h5 22. h4 Ne6
23. Qb1 Nf8 24. Kf2 Rae8 25. Bc2 Qd8 26. Nd3 Ne6 27. Bb3 Rc7 28. Rc2 Rxc2+ 29.
Bxc2 Qe7 30. Qc1 Kg7 31. Qd2 Ng8 32. Rh1 Nh6 $14 {/= 1-0 Knaak,R (2565)
-Beliavsky,A (2595)/Novi Sad 1979/EXT 1999 (58)}) 12... Re8 13. a4 Re6 14. Ne2
a5 15. Ba3 Rc8 16. Bxd6 cxd6 {The advantage for Black of these doubled pawns
is clear: control of many central squares. On the other hand, the pawns are
weakened and immobile. White has a long-term advantage, but not a big one. 
Der Pluspunkt für Schwarz bei diesem Doppelbauern ist klar: Beherrschung
vieler Zentrumsfelder. Auf der anderen Seite sind die Bauern geschwächt und
unbeweglich. Weiß hat langfristig Vorteil, aber der ist nicht groß.} 17. Rc1
Ndf6 18. h3 Re7 19. Qb3 h6 20. Rxc8 Qxc8 21. Rc1 Rc7 {In my opinion the
exchange of both rooks favours White. Since f3 will have to be played sooner
or later, it would be good for Black to have a rook on the e-file.  Der
Abtausch beider Türme ist m.E. für Weiß günstig. Da früher oder später f2-f3
erfolgen muss, wäre ein schwarzer Turm in der e-Linie gut postiert.} 22. Rxc7
Qxc7 23. Qc2 Qe7 ({The exchange of queens was well worth considering: Der
Damentausch kam durchaus in Frage:} 23... Qxc2 24. Bxc2 {Black would have to
adopt a completely passive setup, e.g. with Be7, Nc7, Nf6 and Pg5. But how
does White then make progress? Schwarz würde sich völlig passiv aufstellen
müssen, z.B. mit Be7, Nc7, Nf6 und Pg5. Aber wie macht Weiß dann Fortschritte?}
) 24. Qc1 g6 25. Nh2 Kg7 26. h4 Ne8 27. f3 N4f6 28. Nf1 (28. g4 $5) 28... h5
29. Nf4 Nd7 30. Qe1 Nf8 31. Qg3 Kh6 (31... Nf6) 32. Nxh5 $5 {Objectively, the
move is not correct, but it is not clear how White could have made something
of his slight advantage by other means. The fact that Sasikiran was problay
short of time will certainly also have played its part. Objektiv ist der Zug
nicht korrekt, aber es ist ja nicht klar, dass Weiß seinen kleinen Vorteil mit
anderen Zügen hätte auch verwerten können. Die vermutlich schon knappe Zeit
bei Sasikiran wird sicher auch eine Rolle gespielt haben.} gxh5 33. Qg8 (33.
Qf4+ Kg7 34. Ng3 Kg8 35. Nxh5 Ng6 36. Qh6 Qxh4 $11) 33... f5 $8 34. Ng3 Ng7 (
34... Qxe3+ {would also be enough for a draw: würde auch zum Remis ausreichen:}
35. Kh2 Qxd3 36. Qh8+ Kg6 37. Qxh5+ Kg7 38. Nxf5+ Kf6 39. Qxe8 Qxf5 40. Qxf8+
Kg6 {and here the exchange of queens would not win, because Bb7-c8-d7xb5 would
happen too quickly for that.. und hier würde Damentausch nicht gewinnen, weil
Bb7-c8-d7xb5 zu schnell käme.}) 35. Bxf5 Ng6 36. Bxg6 Kxg6 37. Nxh5 Qxe3+ 38.
Kh2 Qe7 $2 (38... Qxd4 $11 {would not only take a pawn, but also control
another important square: f4. würde nicht nur einen Bauern nehmen, sondern
sogar ein zusätzliches wichtiges Feld kontrollieren: f4} 39. Kh3 Qe5 40. g4 d4
41. Nxg7 Qxg7 42. h5+ Kf6 43. Qd8+ $11) 39. Nf4+ $1 Kf6 (39... Kf5 40. Qh7+
Kxf4 41. Qh6+ Kf5 42. g4#) 40. g4 Qf7 41. Qd8+ Qe7 42. Qg8 Qf7 43. Qd8+ Qe7 44.
Qxe7+ (44. Qxb6 {was simpler after all, since the white king is never in any
danger. war wohl einfacher, denn der weiße König ist nie gefährdet.}) ({
Also winning is: Es gewinnt auch} 44. g5+ Kf7 45. g6+ Kf6 46. Qg8 Ne6 47. Nh5+
Kf5 48. Kg3 Nf8 49. Nf4 $18) 44... Kxe7 45. Kg3 Ne6 $6 {If you want, the final
error. Wenn man so will, ist das der letzte Fehler,} ({But aber auch} 45... Kf6
46. Ne2 {with the advance of the pawns did not offer Black much of a chance of
survival either. nebst Vormarsch der Bauern bietet Schwarz kaum
Überlebenschancen.}) 46. Nxe6 $1 {An impressive evaluation of the position or
calculation... Das ist eine beeindruckende Einschätzung der Stellung oder
Berechnung...} Kxe6 47. f4 Bc8 48. f5+ Kf7 49. h5 Bd7 {... because on account
of the possibility of Bd7xb5, White's victory hangs on a single, very thin
thread. ...denn wegen der Möglichkeit Bd7xb5 hängt der weiße Sieg an einem
hauchdünnen Faden.} 50. h6 Kg8 (50... Bxb5 51. axb5 a4 52. g5 a3 53. g6+ Kg8 (
53... Ke7 54. h7 a2 55. h8=Q a1=Q 56. Qg7+ Kd8 57. Qf6+ Kc7 58. g7 $18) 54. f6
a2 55. h7+ Kh8 56. f7 $18) 51. Kf4 Be8 (51... Bxb5 52. g5 Bxa4 53. g6 Bc2 54.
Kg5 a4 55. h7+ Kg7 56. f6+ Kh8 57. f7 $18) 52. Kg5 $1 Kf7 53. h7 $1 Kg7 54.
h8=Q+ Kxh8 55. Kf6 Bxb5 (55... Kg8 56. Ke7 Bf7 57. Kd7 $18) 56. Ke7 Bd3 57. f6
Bg6 58. f7 Bxf7 59. Kxf7 1-0

[Event "Beersheba 16th"]
[Site "Beersheba"]
[Date "1997.02.25"]
[Round "2"]
[White "Kantsler, Boris"]
[Black "Kortschnoj, Viktor Lvovich"]
[Result "1-0"]
[WhiteElo "2495"]
[BlackElo "2635"]
[Annotator "Knaak,R"]
[PlyCount "74"]
[EventDate "1997.02.24"]
[EventType "tourn"]
[EventRounds "11"]
[EventCountry "ISR"]
[EventCategory "12"]
[SourceTitle "CBM 058"]
[Source "ChessBase"]
[SourceDate "1997.06.01"]
[SourceVersion "1"]
[SourceVersionDate "1997.06.01"]
[SourceQuality "1"]

1. d4 {Psakhis} Nf6 2. c4 e6 3. Nc3 Bb4 4. e3 b6 5. Bd3 Bb7 6. Nf3 O-O 7. O-O
d5 8. cxd5 exd5 9. a3 Bd6 10. b4 a6 11. Qb3 Nc6 {Psakhis: Very rare move.In my
database I found just one game with this move in old Russian tournament. I
guess,that normal Knaak: Stattdessen gibt es mit 11...Qe7, 11...Re8 und 11...
Nbd7 gleich drei altbewährte Alternativen. Kortschnojs Neuerung ist sicher
nicht besser. Der Nc6 verhindert zunächst a3-a4, aber er kann seinen Platz auf
c6 nicht ewig behaupten.} (11... Nbd7 {Psakhis} 12. a4 Qe7 13. Ba3 Rfd8 14. b5
Bxa3 (14... a5 $5) 15. bxa6 $1 Bxa6 16. Bxa6 Rxa6 17. Rxa3 c6 18. Ra2 Rda8 19.
Rc1 h6 20. Rac2 $14 {1-0 Yusupov,A-Benjamin,J/Donner mem-A 1994 (41)}) ({or} 
11... Qe7 $5 {Psakhis} 12. b5 axb5 13. Nxb5 Nbd7 14. Bb2 c5 15. dxc5 bxc5 16.
Nxd6 Qxd6 17. Qc3 Ba6 $11 {1/2-1/2 Jussupow,A-Dautov,R/Nussloch 1996 (33) are
stronger.}) 12. Bb2 (12. Nxd5 $4 Nxd5 13. Qxd5 Bxh2+ $19) 12... Re8 {N/} (12...
Qd7 {Psakhis} 13. Kh1 Ne7 14. Ne5 Bxe5 15. dxe5 Ng4 16. Nd1 f6 17. exf6 Nxf6
18. Qc2 $14 {1-0 Yurkov,V-Goldin,A/Moscow 1966 (40)}) 13. Rfc1 Rb8 14. Qa4 (14.
b5 $5 {Psakhis}) 14... Ne7 {[#]} (14... Ra8 $142) (14... b5 $143 {Psakhis} 15.
Qb3 $16) 15. b5 (15. Bxa6 $6 Ra8 16. b5 c6 17. Qb3 Bxa6 18. bxa6 Rxa6 $11 (
18... Rxa6 {Psakhis} 19. a4 Qd7 $11)) 15... axb5 (15... a5 {Psakhis} 16. Qb3 $5
(16. Ne5) 16... Ng6 17. a4 $14) 16. Nxb5 Ng6 (16... Ra8 $5 {Psakhis} 17. Qc2 $1
(17. Qb3 Ba6 18. Nxd6 Qxd6 $11) 17... c6 18. Nxd6 Qxd6 19. a4 $14) 17. Nxd6
cxd6 {Gerade in dieser nimzoindischen Variante wird so manchmal gespielt, aber
ich glaube, es ist einfach schlecht. Einem Vorteil (Beherrschung von
Zentrumsfeldern) stehen zwei Nachteile gegenüber (geschwächte Bauern,
unbewegliche Bauern).} (17... Qxd6 $14) (17... Qxd6 {Psakhis} 18. Qb4 $5 $14)
18. Rc2 $16 Ne4 19. Bb5 Rf8 20. Rac1 Bc8 (20... Nh4 {Psakhis} 21. Nxh4 Qxh4 22.
f3 Nf6 23. Qa7 (23. Rc7 $5 Qg5 $140 24. R1c3) 23... Qh6 24. Rc3 $16) 21. Qb3
Be6 22. a4 {Kantsler could be satisfied with results of opening. He took full
control on c line, has advantage of two bishops and easy game on the queens
side.} Qf6 23. Ba3 Ne7 24. Ne1 (24. Be2 $5 {Psakhis}) 24... Bf5 25. Bd3 h5 26.
f3 (26. Qb4 $5 {Psakhis}) 26... Ng5 27. Rc3 (27. Rc7 $5 {Psakhis} Bxd3 $140 28.
Nxd3 Ne6 29. Rd7) 27... Qe6 28. Bb5 Rfd8 (28... Rfc8 {Psakhis} 29. Ba6 Rxc3 (
29... Re8 30. Qb4) 30. Rxc3 Qd7 31. Qb4 $18) 29. Qb2 h4 30. Qf2 Qf6 (30... h3
$5 {Psakhis}) 31. h3 Ng6 32. Kh2 Bd7 (32... Bxh3 {Psakhis} 33. gxh3 Ne4 34. Qa2
Nxc3 35. Rxc3 $18) 33. Bxd7 Ne4 {a Decisive mistake, which Kortchnoi could
make just in terrible time troubles. After stabborn} (33... Rxd7 {Psakhis} 34.
Rc8+ Rd8 $5 (34... Rxc8 35. Rxc8+ Rd8 36. Rc6) 35. Rxb8 $140 Rxb8 36. Rc6 Ne4
37. Qe2 Ne7 38. Rc7 Ng3 39. Qb5 Nef5 $132 {it will be still not easy at all
for white to win a game.}) 34. Qb2 Nxc3 35. Bc6 Qg5 36. Qxc3 Qg3+ 37. Kg1 Rdc8
1-0

[Event "Bad Homburg"]
[Site "Bad Homburg"]
[Date "1998.07.18"]
[Round "2"]
[White "Kortschnoj, Viktor Lvovich"]
[Black "Dautov, Rustem"]
[Result "1-0"]
[WhiteElo "2625"]
[BlackElo "2600"]
[Annotator "Kortschnoj,V"]
[PlyCount "111"]
[EventDate "1998.07.17"]
[EventType "tourn"]
[EventRounds "9"]
[EventCountry "GER"]
[EventCategory "13"]
[SourceTitle "CBM 066"]
[Source "ChessBase"]
[SourceDate "1998.09.30"]
[SourceVersion "1"]
[SourceVersionDate "1998.09.30"]
[SourceQuality "1"]

1. d4 {Dautov} Nf6 2. c4 e6 3. Nc3 Bb4 4. e3 O-O 5. Bd3 d5 6. Nf3 b6 7. O-O Bb7
8. Qe2 (8. cxd5 exd5 9. Ne5) (8. a3 Bd6 9. b4) 8... Nbd7 9. Bd2 {/\10.Sd5} Bd6
10. cxd5 (10. e4 e5 $5 (10... dxe4 11. Nxe4 Nxe4 12. Bxe4 Bxe4 13. Qxe4 e5 (
13... Nf6 $11 {Dautov}) 14. Bg5 f6 15. Bh4 $14)) 10... exd5 11. Ba6 Qc8 12.
Bxb7 Qxb7 13. Rac1 (13. Nb5 {Dautov} Be7 14. Rfc1 c6 15. Nc3 Ne4 (15... Bd6 16.
e4 dxe4 17. Nxe4 Nxe4 18. Qxe4 $11) 16. Nxe4 dxe4 17. Ne1 Nf6 $11) 13... a6 $13
14. Rfd1 Rae8 15. Be1 Re6 16. Qc2 Rfe8 17. Qb3 {/\Na4,Bb4} c6 18. Ne2 $2 (18.
Ng5 $142 $1 R6e7 19. Ne2 Z0 20. Bb4 $13) (18. Na4 {Dautov} Ne4 19. Bb4 Bb8 {
/\Rh6,g5->}) 18... Ne4 $15 19. Nf4 $6 (19. Ng3 $15) 19... Rh6 $1 $17 (19...
Bxf4 {Dautov} 20. exf4 $132 {/\Ne5}) 20. Nd3 (20. h4 $5 $15 {Dautov} Ndf6 21.
Nd3 Ng4) 20... g5 $1 21. h3 (21. Nfe5 Bxe5 22. Nxe5 Nxe5 23. dxe5 g4 $1 $40 (
23... Rxe5 24. f3 $15 (24. f3 Nd6 25. Bg3 Ree6 $17 (25... Re8 26. e4 $44))) 24.
Bc3 {Dautov} (24. f3 gxf3 25. gxf3 Rg6+ 26. Kh1 Ng5 27. f4 Ne4 $17) 24... Qe7
$40) (21. g3 {Dautov} g4 (21... Rhe6 22. Qc2 Bb8) (21... Rf6 22. Nd2) 22. Nh4 (
22. Nd2 Ng5 $15) 22... Ng5 23. Qc2 Bf8 24. Qe2 Rxh4 $1 25. gxh4 Nf3+ 26. Kf1 (
26. Kg2 $2 Qc7 27. Nf4 Qxf4 $19) 26... Nxh2+ 27. Kg2 Nf3 $40) 21... f5 22. Nde5
(22. Nb4 {Dautov} Bxb4 (22... Bb8 $2 23. Nxc6 Rxc6 24. Qxd5+ Ree6 25. Qxf5 $16)
23. Bxb4 g4 24. hxg4 fxg4 25. Nd2 Ndf6 $40) 22... Bxe5 (22... g4 $142 $1 23.
hxg4 Nxe5 24. dxe5 fxg4 $17) 23. dxe5 Ndc5 $2 (23... Nxe5 24. Nxe5 Rxe5 25. f3
$15 (25. f3 {Dautov} Nd6 26. Bg3 Re8 27. Qd3 Nc4 28. Re1 Nxb2 29. Qxf5 Qf7 $1
$17)) (23... g4 $1 24. Nd4 Nxe5 (24... Rxe5 $17 {Dautov}) 25. Nxf5 Rh5 $17 (
25... Rf6 $17)) 24. Qc2 g4 25. Nd4 (25. hxg4 {Dautov} fxg4 26. Nh2 Qg7 $17)
25... Qf7 (25... gxh3 26. g3 $15) 26. b4 gxh3 (26... Ne6 $5 {Dautov} 27. Qxc6
gxh3 28. Qxd5 (28. Nxf5 Rg6 29. g3 Rf8 $19) 28... hxg2 29. Nxe6 Rhxe6 $40) 27.
g3 $15 (27. bxc5 $2 {Dautov} hxg2 28. f3 Rh1+ 29. Kxg2 Qh5 $19) 27... Ne6 (
27... h2+ $2 28. Kh1 Qh5 29. f3 Qh3 30. Bf2 $1 $16 (30. Qe2 {Dautov} Qxg3 31.
Qf1 $13)) 28. f3 Nxd4 (28... Qh5 29. Qe2 N4g5 30. f4 $1 $13 (30. g4 {Dautov}
fxg4 31. fxg4 Nxd4 32. exd4 Qf7 33. Bg3 $17) (30. Rd3 c5 $19)) 29. exd4 Qh5 (
29... Ng5 {Dautov} 30. Rd3 f4 $1 31. g4 Rg6 $17 {/\h5}) 30. Qe2 Kh8 (30... Ng5
{Dautov} 31. Rd3) 31. Kh2 Rg8 32. Qe3 $8 Ng5 (32... Nxg3 $142 $5 33. Bxg3 Rxg3
34. Kxg3 (34. e6 $2 Rxe6 35. Qxe6 Rg2+ 36. Kh1 Qxf3 $19) 34... Qg6+ 35. Kf2
Qg2+ 36. Ke1 h2 37. Qxh6 h1=Q+ 38. Qxh1 Qxh1+ 39. Ke2 $15 (39. Kf2 $15 {Dautov}
)) 33. Rd3 Rhg6 34. a4 Ne6 (34... b5 $5 {Dautov} 35. axb5 axb5 $15) 35. Qd2 (
35. Rxc6 $2 {Dautov} f4) 35... f4 $6 (35... Ng5 36. Qe3 $11 (36. Qf4 {Dautov}
Ne6 $11)) 36. g4 Qg5 37. Rxc6 h5 38. Qd1 hxg4 (38... Qh6 $142 {Dautov}) 39.
fxg4 $14 Rh6 40. Rxb6 Qg7 (40... Qxg4 {Dautov} 41. Qxg4 Rxg4 42. Rxh3 Rxh3+ 43.
Kxh3 Rg6 44. Kh2 $18) 41. Bd2 (41. Rxa6 Ng5 42. Rxh6+ Qxh6 $44 (42... Qxh6 {
Dautov} 43. b5 Qh7 44. Bc3 Qe4 45. Qf1 f3 46. Bd2 $18)) 41... Qh7 (41... Qxg4 {
Dautov} 42. Qxg4 Rxg4 43. Rxh3 Rxh3+ 44. Kxh3 Rg6 45. Kh2 (45. Kh4 Kh7 46. Rxa6
$2 Rh6+ 47. Kg4 Rg6+ $11) 45... f3 46. Be3 $18) 42. Qf1 (42. Qe2 {Dautov} Qe4
43. Qxe4 dxe4 44. Rxe6 (44. Bxf4 $2 Rh4) (44. Rxh3 Rxh3+ 45. Kxh3 e3 $132)
44... Rxe6 45. Rxh3+ Kg7 46. Bxf4 (46. d5 $2 Rd8) 46... Rd8 47. Be3 $16) 42...
Rxg4 43. Rb8+ Rg8 44. Rxg8+ Qxg8 $6 (44... Kxg8 45. Bxf4 (45. b5 axb5 46. axb5
Qe4 47. Rxh3 (47. b6 $2 Rg6 48. Rxh3 Qxd4) 47... Rg6 $36) 45... Nxf4 (45... Qf5
{Dautov} 46. Rf3 Nxd4 $132) 46. Qxf4 Qxd3 47. Qxh6 Qxd4 $11) 45. b5 (45. Rf3 $1
) 45... axb5 46. axb5 Rh7 (46... Qg2+ {Dautov} 47. Qxg2 hxg2+ 48. Kxg2 Nc7 49.
Rb3 f3+ $1 {Kortschnoj} 50. Kg3 (50. Rxf3 Rg6+) 50... Rb6 51. Rxf3 Nxb5 52. Be3
Kg7 $16) 47. b6 Qg6 (47... Qg4 {Dautov} 48. Qf3) 48. Rc3 Qg8 49. Rf3 Qb8 (49...
Qg6 50. Bxf4 Nxd4 51. Rc3 $16) 50. Bxf4 Qxb6 51. Be3 Qd8 $4 (51... Kg8 $1 $14)
52. Rf6 $18 Qg8 53. Bh6 $1 Qe8 54. Rxe6 Qxe6 55. Qf8+ Qg8 56. Qf6+ 1-0